Miłość małżeńska w systemie aksjologicznym rodziny / (Rekord nr 9188)
| 000 -ETYKIETA REKORDU | |
|---|---|
| podpole kontrolne o stałej długości | 00855naa a2200181 i 4500 |
| 001 - NUMER KONTROLNY REKORDU | |
| podpole kontrolne | 9188 |
| 003 - IDENTYFIKATOR NUMERU KONTROLNEGO REKORDU | |
| podpole kontrolne | KOSZ 005 |
| 005 - DATA OSTATNIEJ MODYFIKACJI REKORDU | |
| podpole kontrolne | 20180320110645.0 |
| 008 - POLE O STAŁEJ DŁUGOŚCI - DANE KONTROLNE | |
| podpole kontrolne o stałej długości | 151123s2009 pl n f |000 0pol |
| 040 ## - ŹRÓDŁO KATALOGOWANIA | |
| Instytucja, która utworzyła rekord | BPK |
| Instytucja, która dokonała modyfikacji | KOSZ 005/EG |
| 080 ## - UNIWERSALNA KLASYFIKACJA DZIESIĘTNA - UKD | |
| UKD | 37 |
| 100 1# - NAZWA OSOBOWA | |
| Nazwa osobowa | SKRZYPNIAK, Ryszard. |
| Lata pracy | 1996 - . |
| Instytucja | Politechnika Koszalińska - Wydział Mechaniczny, |
| Wydział | Katedra Nauk Pedagogicznych |
| 245 10 - TYTUŁ/ODPOWIEDZIALNOŚĆ | |
| Tytuł | Miłość małżeńska w systemie aksjologicznym rodziny / |
| Pozostałe elementy strefy tytułu i oznaczenia odpowiedzialności | Ryszard Skrzypniak. |
| 650 #0 - HASŁO PRZEDMIOTOWE W FORMIE NAZWY OGÓLNEJ LUB JEDNOSTKOWEJ | |
| Nazwa ogólna lub geograficzna | Rodzina. |
| 650 #0 - HASŁO PRZEDMIOTOWE W FORMIE NAZWY OGÓLNEJ LUB JEDNOSTKOWEJ | |
| Nazwa ogólna lub geograficzna | Miłość. |
| 773 0# - TYTUŁ DOKUMENTU MACIERZYSTEGO | |
| Wyrażenie wprowadzające | W : |
| Tytuł | Miłość w życiu człowieka : przyczynek do rozważań o budowie "Cywilizacji miłości" / red. nauk. Krzysztof K. Przybycień ; Katolicki Uniwersytet Lubelski Jana Pawła II. Wydział Zamiejscowy Nauk o Społeczeństwie w Stalowej Woli. - |
| Adres wydawniczy | Stalowa Wola : Fundacja Campus, 2008. - |
| Informacje dotyczące relacji | s. 63-78 |
| 942 ## - HASŁO DODATKOWE - ELEMENTY(KOHA) | |
| Typ dokumentu | Rozdział |
| Schemat klasyfikacji | Uniwersalna klasyfikacja dziesiętna |
Brak dostępnych egzemplarzy.
